Les grands classiques de la littérature - Statistiques

Statistiques générales
  • Ce quiz a été pris 332 fois
  • Le résultat moyen est 27 sur 41
Statistiques - réponses
Hint Réponse % Correct
Les Misérables Victor Hugo
100%
Notre-Dame de Paris Victor Hugo
100%
Le Petit Prince Antoine de Saint-Exupéry
97%
L’Étranger Albert Camus
94%
La Peste Albert Camus
94%
Les Trois Mousquetaires Alexandre Dumas
92%
Le Comte de Monte-Cristo Alexandre Dumas
92%
Germinal Émile Zola
92%
Les Fables Jean de La Fontaine
91%
Hamlet William Shakespeare
91%
Roméo et Juliette William Shakespeare
91%
L’Odyssée Homère
90%
L’Iliade Homère
90%
Le Rouge et le Noir Stendhal
89%
Candide Voltaire
86%
Bel-Ami Guy de Maupassant
82%
Madame Bovary Gustave Flaubert
81%
Harry Potter à l’école des sorciers J. K. Rowling
81%
La Ferme des animaux George Orwell
79%
À la recherche du temps perdu Marcel Proust
74%
Le Seigneur des Anneaux J. R. R. Tolkien
69%
Le Père Goriot Honoré de Balzac
68%
Guerre et Paix Léon Tolstoï
66%
Les Hauts de Hurlevent Emily Brontë
62%
Crime et Châtiment Fiodor Dostoïevski
61%
Les Frères Karamazov Fiodor Dostoïevski
61%
Don Quichotte Miguel de Cervantès
56%
Le Portrait de Dorian Gray Oscar Wilde
55%
Frankenstein Mary Shelley
51%
Les Métamorphoses Ovide
50%
Le Vieil Homme et la Mer Ernest Hemingway
47%
L’Amant Marguerite Duras
47%
Le Nom de la Rose Umberto Eco
45%
Ainsi parlait Zarathoustra Friedrich Nietzsche
36%
Dracula Bram Stoker
34%
Moby Dick Herman Melville
31%
La Divine Comédie Dante Alighieri
25%
Les Voyages de Gulliver Jonathan Swift
24%
Ulysse James Joyce
23%
Les Grandes Esperances Charles Dickens
20%
Contes Hans Christian Andersen
13%
Aucun quiz correspondant
Distribution des résultats
% des personnes avec chaque résultat
Percentile par nombre de réponses
Votre historique - résultats
Vous n’avez pas pris ce quiz